000 03085cam a22004094i 4500
003 PE-LiUPU
005 20250731183414.0
008 190923s2001 xxua r 000 0 eng d
020 _a0130143324
020 _a9780130143327
035 _a(Sirsi) a252561
040 _aPE-LiUPU
_bspa
_cPE-LiUPU
_erda
049 _aPRUA
082 0 4 _a780.72
_bW61
_223
100 1 _aWingell, Richard,
_eautor.
245 1 0 _aIntroduction to research in music /
_cRichard J. Wingell, Silvia Herzog.
300 _axiv, 283 páginas :
_bilustraciones ;
_c23 centímetros.
336 _atext
_2rdacontent
337 _aunmediated
_2rdamedia
338 _avolume
_2rdacarrier
505 0 _aResources for research -- Research in music -- The art and science of research -- Search strategies -- Kinds of research in music -- Print resources for research in music -- Libraries and archives -- Bibliographies of books about music -- Music dictionaries and encyclopedias -- Histories of music -- Periodicals, collections of essays, indexes -- Dissertations -- Print resources for locating music -- Bibliographies of music -- Thematic catalogues -- Monuments and editions -- Music manuscripts -- Studies of music publishers -- Discographies -- Sample pages from print resources -- Electronic resources for research -- Equipment -- Types of material -- World Wide Web sites -- World Wide Web: samples -- World Wide Web sites: illustrated examples of methodology -- History of notation, publishing, and printing -- Notation and the theory of signs -- Limitations of notation -- The history of notation -- Examples of manuscript notation -- Music printing and publishing -- Examples of printed music -- Comparison of editions -- Writing a research paper -- Planning a paper -- Topic and thesis -- Critical thinking -- Assembling materials -- Reading your sources -- Proposals and abstracts -- Outlining -- Writing the paper -- Contexts that require footnotes -- Acceptable use of other writers' materials -- Editing and proofreading -- Presenting and publishing your work -- Conclusion -- Format and style -- Guidelines for written assignments -- Using musical examples -- Special problems related to writing about music -- Punctuation guidelines -- Bibliography and footnote form -- Citing electronic resources -- Annotating a bibliography -- Sample article and discussion
526 _aP158
526 _aP146
526 _aP17
526 _aP12
526 _aP06
650 0 4 _aMúsica
_x Enseñanza
_xInvestigaciones.
650 0 4 _aMusic
_xInstruction and study
_xResearch.
_2fast
_0(OCoLC)fst01030367
700 1 _aHerzog, Silvia,
_eautor.
910 _abgr
_bksl
_cksl
_d20190923
942 _2ddc
_cBOOK
994 _aC0
_bPEPRU
596 _a1
999 _a780.72 W61
_wDEWEY
_c31789
_i80668
_f2021-11-8
_g3
_lCCODEBUL1
_mBUL
_p25.00
_r0
_sY
_tBOOK
_u2019-9-23
_xEDUCACION
_PP17
_0COMPRA
_o.STAFF. Colección Ciencias Humanas y Educación
_d31789
264 _aUpper Saddle River :
_bPrentice Hall,
_c2001.
980 _81
_gALBERTO SANCHEZ Responsable de Automatización